[Event "Ulster Championships 2025"]
[Site "Lisburn Chess Club, United Kingdom"]
[Date "2025.08.23"]
[Round "1.1"]
[White "Hill, David"]
[Black "O' Cuilleanain, Oisin"]
[Result "0-1"]
[WhiteElo "1854"]
[BlackElo "2129"]
[TimeControl "90' + 30\""]
[ePGN "0.1;DGT LiveChess/2.2.7"]
[WhiteFideId "2513846"]
[BlackFideId "2514249"]

1. d4 { [%clk 01:30:54] } { [%emt 00:00:53] } 1... Nf6 { [%clk 01:30:47] }
2. c4 { [%clk 01:31:12] } 2... e6 { [%clk 01:30:58] } 3. g3 { [%clk
01:31:18] } { [%emt 00:00:25] } 3... Bb4+ { [%clk 01:31:15] } { [%emt
00:00:22] } 4. Bd2 { [%clk 01:30:59] } { [%emt 00:00:46] } 4... Be7 { [%clk
01:31:38] } 5. Bg2 { [%clk 01:30:16] } { [%emt 00:01:10] } 5... d5 { [%clk
01:31:22] } { [%emt 00:00:46] } 6. Nf3 { [%clk 01:27:56] } { [%emt
00:03:04] } 6... O-O { [%clk 01:31:35] } { [%emt 00:00:34] } 7. O-O { [%clk
01:27:55] } { [%emt 00:00:05] } 7... c6 { [%clk 01:31:54] } { [%emt
00:00:47] } 8. b3 { [%clk 01:21:44] } { [%emt 00:06:35] } 8... b6 { [%clk
01:31:31] } { [%emt 00:00:24] } 9. Nc3 { [%clk 01:20:16] } { [%emt
00:01:53] } 9... Ba6 { [%clk 01:30:14] } { [%emt 00:01:43] } 10. cxd5 {
[%clk 01:19:24] } { [%emt 00:01:25] } 10... cxd5 { [%clk 01:30:33] } {
[%emt 00:00:25] } 11. Re1 { [%clk 01:13:19] } { [%emt 00:06:19] } 11...
Nbd7 { [%clk 01:29:34] } { [%emt 00:01:41] } 12. e4 { [%clk 01:07:01] } {
[%emt 00:06:43] } 12... dxe4 { [%clk 01:28:43] } { [%emt 00:01:51] } 13.
Nxe4 { [%clk 01:02:06] } { [%emt 00:04:49] } 13... Nxe4 { [%clk 01:27:21] }
{ [%emt 00:02:23] } 14. Rxe4 { [%clk 01:02:21] } 14... Bb7 { [%clk
01:27:39] } 15. Re1 { [%clk 00:59:46] } { [%emt 00:03:01] } 15... Rc8 {
[%clk 01:27:27] } { [%emt 00:01:09] } 16. Rc1 { [%clk 00:55:29] } { [%emt
00:04:23] } 16... Nf6 { [%clk 01:26:53] } { [%emt 00:01:34] } 17. Rxc8 {
[%clk 00:49:47] } { [%emt 00:05:46] } 17... Qxc8 { [%clk 01:27:12] } {
[%emt 00:00:06] } 18. Qc1 { [%clk 00:49:13] } { [%emt 00:01:06] } 18... Qa8
{ [%clk 01:25:27] } { [%emt 00:02:10] } 19. Nh4 { [%clk 00:42:22] } { [%emt
00:07:37] } 19... Ne4 { [%clk 01:23:15] } { [%emt 00:02:32] } 0-1

[Event "Ulster Championships 2025"]
[Site "Lisburn Chess Club, United Kingdom"]
[Date "2025.08.23"]
[Round "1.2"]
[White "Tahmankar, Mandar"]
[Black "Doolin, Nemhain"]
[Result "1-0"]
[WhiteElo "2082"]
[BlackElo "1849"]
[TimeControl "90' + 30\""]
[ePGN "0.1;DGT LiveChess/2.2.7"]
[WhiteFideId "5019400"]
[BlackFideId "2517230"]

1. d4 d5 2. c4 e6 3. g3 Nf6 4. Bg2 Be7 5. Nf3 O-O 6. O-O c6 7. b3 b6 8. Bb2
Ba6 9. Nbd2 Nbd7 10. Re1 Rc8 11. e4 dxe4 12. Nxe4 Nxe4 13. Rxe4 Nf6 14. Re2
c5 15. Rd2 Qc7 16. d5 exd5 17. Be5 Qd7 18. Ng5 Qd8 19. cxd5 Nd7 20. Nf3 Bf6
21. Bxf6 Qxf6 22. Rc1 Rcd8 23. h4 Bc8 24. Ng5 h6 25. Ne4 Qg6 26. h5 Qf5 27.
Nd6 Qe5 28. Nc4 Qg5 29. Ne3 Nf6 30. Bf3 Bb7 31. Rc4 Qe5 32. Rf4 Rfe8 33.
Kg2 Rd7 34. Nc4 Qe7 35. Kf1 Qd8 36. Rf5 Ne4 37. Rd3 Nd6 38. Rf4 Ba6 39. Kg2
Qc7 40. Re3 Rxe3 41. Nxe3 Bb7 42. Ng4 Qd8 43. Qd3 Qg5 44. Ne3 Ne8 45. a4
Qd8 46. Rf5 Nd6 47. Rf4 Ne8 48. g4 Nf6 49. Rf5 Nh7 50. Kg1 Ng5 51. Bg2 Ne6
52. Qe4 Nd4 53. Re5 Ne6 54. Nf5 Nc7 55. Ne7+ Kh8 56. g5 hxg5 57. h6 g6 58.
Qf3 Ne8 59. Qxf7 1-0

[Event "Ulster Championships 2025"]
[Site "Lisburn Chess Club, United Kingdom"]
[Date "2025.08.23"]
[Round "1.3"]
[White "Edens, Jack"]
[Black "Scannell, Steve"]
[Result "1/2-1/2"]
[WhiteElo "1770"]
[BlackElo "2050"]
[TimeControl "90' + 30\""]
[ePGN "0.1;DGT LiveChess/2.2.7"]
[WhiteFideId "2521822"]
[BlackFideId "2501104"]

1. d4 d6 2. Bf4 Nf6 3. e3 Nbd7 4. Nf3 c6 5. c4 h6 6. Nc3 Nh5 7. Bg3 Nxg3 8.
hxg3 e5 9. Be2 Be7 10. O-O O-O 11. Qc2 Qc7 12. Rfe1 Nf6 13. Rad1 Re8 14.
Ne4 Nxe4 15. Qxe4 f5 16. Qc2 Be6 17. Nh4 e4 18. Bh5 Rec8 19. Bg6 Bxh4 20.
gxh4 Qe7 21. g3 Qf6 22. h5 Bf7 23. Bxf7+ Qxf7 24. Qe2 a6 25. Rc1 b5 26. Rc2
Rab8 27. Rec1 c5 28. cxb5 Rxb5 29. b3 Rc6 30. Qc4 1/2-1/2

[Event "Ulster Championships 2025"]
[Site "Lisburn Chess Club, United Kingdom"]
[Date "2025.08.23"]
[Round "2.1"]
[White "O' Cuilleanain, Oisin"]
[Black "Cole, Ethan"]
[Result "1-0"]
[WhiteElo "2129"]
[BlackElo "1891"]
[TimeControl "90' + 30\""]
[ePGN "0.1;DGT LiveChess/2.2.7"]
[WhiteFideId "2514249"]
[BlackFideId "2514818"]

1. e4 { [%clk 01:28:20] } { [%emt 00:02:44] } 1... e6 { [%clk 01:30:45] } {
[%emt 00:00:04] } 2. d4 { [%clk 01:27:22] } { [%emt 00:01:25] } 2... d5 {
[%clk 01:31:08] } { [%emt 00:00:23] } 3. Nc3 { [%clk 01:27:44] } { [%emt
00:00:19] } 3... Bb4 { [%clk 01:31:33] } 4. Ne2 { [%clk 01:28:06] } { [%emt
00:00:22] } 4... dxe4 { [%clk 01:31:19] } { [%emt 00:00:08] } 5. a3 { [%clk
01:28:30] } { [%emt 00:00:38] } 5... Bxc3+ { [%clk 01:31:22] } { [%emt
00:00:05] } 6. Nxc3 { [%clk 01:28:53] } { [%emt 00:00:04] } 6... Nc6 {
[%clk 01:30:20] } { [%emt 00:01:36] } 7. Bf4 { [%clk 01:29:15] } 7... a6 {
[%clk 01:30:10] } { [%emt 00:00:38] } 8. d5 { [%clk 01:26:37] } { [%emt
00:03:35] } 8... Nce7 { [%clk 01:27:56] } { [%emt 00:02:17] } 9. dxe6 {
[%clk 01:25:47] } { [%emt 00:01:19] } 9... Bxe6 { [%clk 01:27:16] } { [%emt
00:01:16] } 10. Nxe4 { [%clk 01:17:01] } { [%emt 00:09:09] } 10... Qxd1+ {
[%clk 01:26:51] } { [%emt 00:01:25] } 11. Rxd1 { [%clk 01:17:25] } { [%emt
00:00:20] } 11... Nd5 { [%clk 01:26:41] } { [%emt 00:00:09] } 12. Bg3 {
[%clk 01:17:12] } { [%emt 00:00:31] } 12... O-O-O { [%clk 01:25:51] } {
[%emt 00:01:43] } 13. Ng5 { [%clk 01:10:57] } { [%emt 00:06:26] } 13...
Ngf6 { [%clk 01:24:22] } { [%emt 00:01:57] } 14. Nxe6 { [%clk 01:10:27] } {
[%emt 00:01:21] } 14... Rhe8 { [%clk 01:23:39] } { [%emt 00:00:48] } 15.
Kd2 { [%clk 01:07:41] } { [%emt 00:18:01] } 15... Rxe6 { [%clk 01:22:46] }
16. Kc1 { [%clk 01:02:56] } 16... Ne4 { [%clk 01:21:00] } 17. Bc4 { [%clk
01:01:30] } 17... c6 { [%clk 01:18:09] } 18. Bh4 { [%clk 00:59:23] } {
[%emt 00:02:04] } 18... g5 { [%clk 01:17:05] } { [%emt 00:01:35] } 19. Bg3
{ [%clk 00:58:21] } { [%emt 00:01:32] } 19... Nxg3 { [%clk 01:14:12] } {
[%emt 00:03:22] } 20. hxg3 { [%clk 00:58:37] } { [%emt 00:00:42] } 20... h6
{ [%clk 01:14:15] } { [%emt 00:00:04] } 21. Rh5 { [%clk 00:55:42] } { [%emt
00:03:32] } 21... Rf6 { [%clk 01:13:25] } { [%emt 00:01:06] } 22. Bxd5 {
[%clk 00:54:44] } { [%emt 00:01:31] } 22... Rxd5 { [%clk 01:12:54] } {
[%emt 00:00:59] } 23. Rxd5 { [%clk 00:55:06] } { [%emt 00:00:38] } 23...
cxd5 { [%clk 01:13:23] } 24. f3 { [%clk 00:55:17] } { [%emt 00:00:08] }
24... Kd7 { [%clk 01:13:35] } { [%emt 00:00:12] } 25. Kd2 { [%clk 00:55:23]
} { [%emt 00:00:12] } 25... Kd6 { [%clk 01:13:22] } { [%emt 00:01:51] } 26.
Ke3 { [%clk 00:54:45] } 26... Re6+ { [%clk 01:12:43] } { [%emt 00:01:09] }
27. Kf2 { [%clk 00:54:28] } { [%emt 00:00:46] } 27... f5 { [%clk 01:02:14]
} { [%emt 00:11:59] } 28. f4 { [%clk 00:53:45] } { [%emt 00:00:34] } 28...
gxf4 { [%clk 01:02:32] } { [%emt 00:00:05] } 29. gxf4 { [%clk 00:54:10] }
29... Rf6 { [%clk 01:02:32] } { [%emt 00:00:26] } 30. Kf3 { [%clk 00:54:02]
} { [%emt 00:00:33] } 30... Ke6 { [%clk 01:01:44] } { [%emt 00:01:23] } 31.
Rh1 { [%clk 00:54:09] } { [%emt 00:00:35] } 31... Kf7 { [%clk 00:59:19] } {
[%emt 00:03:01] } 32. Rd1 { [%clk 00:52:55] } { [%emt 00:01:23] } 32... Rd6
{ [%clk 00:58:26] } { [%emt 00:01:22] } 33. Rd3 { [%clk 00:51:57] } { [%emt
00:01:28] } 33... Kf6 { [%clk 00:56:37] } { [%emt 00:02:24] } 34. Rb3 {
[%clk 00:51:15] } { [%emt 00:01:35] } 34... b6 { [%clk 00:55:21] } { [%emt
00:08:13] } 35. Rd3 { [%clk 00:50:57] } 35... Kf7 { [%clk 00:52:08] } 36.
c3 { [%clk 00:50:49] } 36... Kf6 { [%clk 00:51:50] } 37. Re3 { [%clk
00:50:46] } 37... Re6 { [%clk 00:51:05] } { [%emt 00:00:53] } 38. Rxe6+ {
[%clk 00:50:16] } { [%emt 00:01:33] } 38... Kxe6 { [%clk 00:51:29] } 39.
Ke3 { [%clk 00:50:40] } 39... Ke7 { [%clk 00:51:32] } { [%emt 00:00:08] }
40. Kd4 { [%clk 00:49:38] } { [%emt 00:01:25] } 40... Kd6 { [%clk 00:51:52]
} { [%emt 00:00:30] } 41. a4 { [%clk 00:49:26] } { [%emt 00:00:26] } 41...
Ke6 { [%clk 00:43:32] } { [%emt 00:09:22] } 42. a5 { [%clk 00:49:30] } {
[%emt 00:00:08] } 42... bxa5 { [%clk 00:43:56] } { [%emt 00:00:05] } 43.
Kc5 { [%clk 00:49:56] } 43... a4 { [%clk 00:43:45] } { [%emt 00:00:39] }
44. Kc6 { [%clk 00:50:15] } { [%emt 00:00:04] } 44... h5 { [%clk 00:43:53]
} { [%emt 00:00:22] } 45. g3 { [%clk 00:50:40] } { [%emt 00:00:08] } 45...
a5 { [%clk 00:43:34] } { [%emt 00:00:57] } 46. Kc5 { [%clk 00:51:03] } 1-0

[Event "Ulster Championships 2025"]
[Site "Lisburn Chess Club, United Kingdom"]
[Date "2025.08.23"]
[Round "2.2"]
[White "Campbell, Andrew"]
[Black "Tahmankar, Mandar"]
[Result "0-1"]
[WhiteElo "1887"]
[BlackElo "2082"]
[TimeControl "90' + 30\""]
[ePGN "0.1;DGT LiveChess/2.2.7"]
[WhiteFideId "2518392"]
[BlackFideId "5019400"]

1. d4 Nf6 2. Nc3 d5 3. Bf4 a6 4. e3 e6 5. a3 Be7 6. Nf3 Nbd7 7. b4 Nh5 8.
Bd3 Nxf4 9. exf4 O-O 10. O-O b6 11. Ne2 Bd6 12. Ne5 f6 13. Ng4 Qe8 0-1

[Event "Ulster Championships 2025"]
[Site "Lisburn Chess Club, United Kingdom"]
[Date "2025.08.23"]
[Round "2.3"]
[White "Kurochkin, Iarommir"]
[Black "Zelenchuk, Danill"]
[Result "0-1"]
[WhiteElo "1856"]
[BlackElo "1957"]
[TimeControl "90' + 30\""]
[ePGN "0.1;DGT LiveChess/2.2.7"]
[WhiteFideId "2516969"]
[BlackFideId "2511959"]

1. e4 { [%clk 01:30:53] } { [%emt 00:00:14] } 1... c5 { [%clk 01:30:56] }
2. Nc3 { [%clk 01:31:22] } 2... Nc6 { [%clk 01:31:20] } 3. g3 { [%clk
01:31:44] } 3... g6 { [%clk 01:31:45] } 4. Bg2 { [%clk 01:32:09] } 4... Bg7
{ [%clk 01:32:11] } 5. Nge2 { [%clk 01:32:33] } 5... e6 { [%clk 01:32:10] }
{ [%emt 00:00:04] } 6. d3 { [%clk 01:32:53] } 6... a6 { [%clk 01:31:25] }
7. a4 { [%clk 01:33:13] } 7... Nge7 { [%clk 01:31:48] } 8. O-O { [%clk
01:33:13] } 8... O-O { [%clk 01:31:51] } { [%emt 00:00:04] } 9. f4 { [%clk
01:32:43] } 9... d5 { [%clk 01:32:04] } 10. e5 { [%clk 01:29:05] } 10...
Rb8 { [%clk 01:31:03] } 11. d4 { [%clk 01:26:01] } 11... cxd4 { [%clk
01:30:49] } 12. Nxd4 Nxd4 { [%clk 01:29:18] } { [%emt 00:00:04] } 13. Qxd4
{ [%clk 01:26:01] } 13... Nc6 { [%clk 01:29:40] } 14. Qc5 { [%clk 01:21:14]
} 14... Qc7 { [%clk 01:21:39] } 15. a5 { [%clk 01:02:11] } 15... Rd8 {
[%clk 01:21:32] } 16. Rd1 { [%clk 01:00:58] } 16... Bf8 { [%clk 01:21:12] }
{ [%emt 00:00:05] } 17. Qf2 { [%clk 00:57:56] } 17... Nxa5 { [%clk
01:20:39] } 18. Bxd5 { [%clk 00:52:52] } 18... exd5 { [%clk 01:07:29] } 19.
Nxd5 { [%clk 00:52:53] } 19... Rxd5 { [%clk 01:07:54] } 20. Rxd5 { [%clk
00:53:12] } 20... b6 { [%clk 01:08:20] } 21. b3 { [%clk 00:34:48] } { [%emt
00:03:12] } 21... Bb7 { [%clk 01:01:55] } { [%emt 00:06:41] } 22. Rd1 {
[%clk 00:14:31] } { [%emt 00:56:49] } 22... Qc6 { [%clk 00:46:58] } 23. Kf1
{ [%clk 00:13:25] } 23... Qh1+ { [%clk 00:32:56] } 24. Qg1 { [%clk
00:09:15] } { [%emt 00:08:49] } 24... Qf3+ { [%clk 00:30:46] } 25. Ke1 {
[%clk 00:09:12] } 25... Bb4+ { [%clk 00:30:14] } 26. Bd2 { [%clk 00:08:15]
} 26... Qe4+ { [%clk 00:30:22] } 27. Kf1 { [%clk 00:07:59] } 27... Bc5 {
[%clk 00:30:31] } 28. Bxa5 { [%clk 00:06:19] } { [%emt 00:00:55] } 28...
Bxg1 { [%clk 00:30:50] } { [%emt 00:00:04] } 0-1

[Event "Ulster Championships 2025"]
[Site "Lisburn Chess Club, United Kingdom"]
[Date "2025.08.23"]
[Round "2.4"]
[White "Dolan, Peter"]
[Black "Armstrong, Chris"]
[Result "1-0"]
[WhiteElo "1586"]
[BlackElo "1664"]
[TimeControl "90' + 30\""]
[ePGN "0.1;DGT LiveChess/2.2.7"]
[WhiteFideId "2413612"]
[BlackFideId "2510340"]

1. d4 { [%clk 01:30:58] } { [%emt 00:00:04] } 1... Nf6 { [%clk 01:30:53] }
2. c4 { [%clk 01:31:21] } { [%emt 00:01:24] } 2... g6 { [%clk 01:31:20] }
3. Nc3 { [%clk 01:31:40] } 3... Bg7 { [%clk 01:31:37] } 4. e4 { [%clk
01:31:52] } 4... d6 { [%clk 01:32:04] } 5. h3 { [%clk 01:31:50] } 5... O-O
{ [%clk 01:32:21] } 6. Be3 { [%clk 08:12:04] } { [%emt 00:00:04] } 6... c5
{ [%clk 01:30:21] } 7. Qd2 { [%clk 01:29:34] } 7... Nc6 { [%clk 01:28:39] }
8. dxc5 { [%clk 01:24:58] } 8... dxc5 { [%clk 01:29:02] } 9. Qxd8 { [%clk
01:24:08] } 9... Rxd8 { [%clk 01:29:25] } { [%emt 00:06:44] } 10. Bxc5 {
[%clk 01:23:37] } 10... b6 { [%clk 01:29:29] } 11. Be3 { [%clk 01:23:15] }
11... Nb4 { [%clk 01:28:48] } 12. Rc1 { [%clk 01:21:55] } 12... Nd3+ {
[%clk 01:27:52] } 13. Bxd3 { [%clk 01:22:06] } 13... Rxd3 { [%clk 01:28:17]
} 14. Ke2 { [%clk 01:22:11] } 14... Rd8 { [%clk 01:28:07] } 15. f3 { [%clk
01:16:50] } 15... Ba6 { [%clk 01:26:52] } 16. b3 { [%clk 01:16:39] } 16...
Nh5 { [%clk 01:26:45] } 17. Kf2 { [%clk 01:16:47] } 17... e6 { [%clk
01:25:25] } 18. Nge2 { [%clk 01:15:43] } 18... Rd7 { [%clk 01:24:49] } 19.
g4 { [%clk 01:11:09] } 19... Nf6 { [%clk 01:24:58] } 20. Rhd1 { [%clk
01:05:38] } 20... Rad8 { [%clk 01:25:05] } 21. Rxd7 { [%clk 01:05:16] }
21... Rxd7 { [%clk 01:25:29] } 22. Rd1 { [%clk 01:03:30] } 22... Rxd1 {
[%clk 01:25:31] } 23. Nxd1 { [%clk 01:03:55] } 23... Nd7 { [%clk 01:25:50]
} 24. Nd4 { [%clk 01:03:51] } 24... Bb7 { [%clk 01:24:47] } 25. Nb5 { [%clk
01:03:39] } 25... a6 { [%clk 01:24:48] } 26. Nd6 { [%clk 01:03:32] } 26...
Bc6 { [%clk 01:24:18] } 27. Nc8 { [%clk 01:01:54] } 27... b5 { [%clk
01:23:24] } 28. Ne7+ { [%clk 01:02:08] } 28... Kf8 { [%clk 01:23:29] } 29.
Nxc6 { [%clk 01:02:28] } 29... bxc4 { [%clk 01:23:33] } 30. bxc4 { [%clk
01:02:42] } 30... Ke8 { [%clk 01:23:42] } 31. Ke2 { [%clk 01:01:39] } 31...
f5 { [%clk 01:23:08] } 32. Kd3 { [%clk 01:00:27] } 32... Nf6 { [%clk
01:21:41] } 33. e5 { [%clk 01:00:12] } 33... Nd7 { [%clk 01:21:50] } {
Board 1 Intermediate } 1-0

[Event "Ulster Championships 2025"]
[Site "Lisburn Chess Club, United Kingdom"]
[Date "2025.08.23"]
[Round "2.6"]
[White "Hill, David"]
[Black "Murphy, Peter"]
[Result "1/2-1/2"]
[WhiteElo "1854"]
[BlackElo "1635"]
[TimeControl "90' + 30\""]
[ePGN "0.1;DGT LiveChess/2.2.7"]
[WhiteFideId "2513846"]
[BlackFideId "2518465"]

1. e4 { [%clk 01:00:59] } 1... e5 { [%clk 01:00:55] } 2. Nf3 { [%clk
01:00:59] } 2... Nc6 { [%clk 01:00:55] } 3. d4 { [%clk 01:00:59] } 3...
exd4 { [%clk 01:00:55] } 4. Nxd4 { [%clk 01:00:59] } 4... Nxd4 { [%clk
01:00:55] } 5. Qxd4 { [%clk 01:00:59] } 5... d5 { [%clk 01:00:55] } 6. Qc3
{ [%clk 01:00:59] } 6... c5 { [%clk 01:00:55] } 7. exd5 { [%clk 01:00:59] }
7... Qxd5 { [%clk 01:00:55] } 8. Bb5+ { [%clk 01:00:59] } 8... Bd7 { [%clk
01:00:55] } 9. Qe3+ { [%clk 01:00:59] } 9... Be7 { [%clk 01:00:55] } 10.
Bxd7+ { [%clk 01:00:59] } 10... Qxd7 { [%clk 01:00:55] } 11. O-O { [%clk
01:00:59] } 11... Qe6 { [%clk 01:00:55] } 12. Qxe6 { [%clk 01:00:59] }
12... fxe6 { [%clk 01:00:55] } 13. Re1 { [%clk 01:00:59] } 13... O-O-O {
[%clk 01:00:55] } 14. Nc3 { [%clk 01:00:59] } 14... Bf6 { [%clk 01:00:55] }
15. Ne4 { [%clk 01:00:59] } 15... b6 { [%clk 01:00:55] } 16. c3 { [%clk
01:00:59] } 16... e5 { [%clk 01:00:55] } 17. Bg5 { [%clk 01:00:59] } 17...
h6 { [%clk 01:00:55] } 18. Be3 { [%clk 01:00:59] } 18... Ne7 { [%clk
01:00:55] } 19. Rad1 { [%clk 01:00:59] } 19... Rxd1 { [%clk 01:00:55] } 20.
Rxd1 { [%clk 01:00:59] } 20... Nf5 { [%clk 01:00:55] } 21. Nd6+ { [%clk
01:00:59] } 21... Nxd6 { [%clk 01:00:55] } 22. Rxd6 { [%clk 01:00:59] }
22... Rd8 { [%clk 01:00:55] } 23. Rxd8+ { [%clk 01:00:59] } 23... Kxd8 {
[%clk 01:00:55] } 24. f3 { [%clk 01:00:59] } 24... Kd7 { [%clk 01:00:55] }
25. Kf2 { [%clk 01:00:59] } 25... Kc6 { [%clk 01:00:55] } 26. c4 { [%clk
01:00:59] } 26... e4 { [%clk 01:00:55] } 27. b3 { [%clk 01:00:59] } 27...
exf3 { [%clk 01:00:55] } 28. Kxf3 { [%clk 01:00:59] } 28... b5 { [%clk
01:00:55] } 29. Ke4 { [%clk 01:00:59] } 29... a6 { [%clk 01:00:55] } 30. h3
{ [%clk 01:00:59] } 30... bxc4 { [%clk 01:00:55] } 31. bxc4 { [%clk
01:00:59] } 31... g5 { [%clk 01:00:55] } 32. g4 { [%clk 01:00:59] } 32...
Bb2 { [%clk 01:00:55] } { Board 3 Intermediate } 1/2-1/2

[Event "Ulster Championships 2025"]
[Site "Lisburn Chess Club, United Kingdom"]
[Date "2025.08.24"]
[Round "3.1"]
[White "Zelenchuk, Danill"]
[Black "O' Cuilleanain, Oisin"]
[Result "0-1"]
[WhiteElo "1957"]
[BlackElo "2129"]
[TimeControl "90' + 30\""]
[ePGN "0.1;DGT LiveChess/2.2.7"]
[WhiteFideId "2511959"]
[BlackFideId "2514249"]

1. c4 { [%clk 01:30:57] } 1... e6 { [%clk 01:30:53] } 2. Nf3 { [%clk
01:30:57] } { [%emt 00:00:04] } 2... d5 { [%clk 01:31:18] } 3. d4 { [%clk
01:31:24] } 3... Nf6 { [%clk 01:31:28] } 4. g3 { [%clk 01:31:51] } 4... Be7
{ [%clk 01:26:34] } 5. Bg2 { [%clk 01:32:12] } 5... O-O { [%clk 01:26:57] }
6. Nc3 { [%clk 01:32:30] } 6... dxc4 { [%clk 01:24:49] } 7. Ne5 { [%clk
01:31:52] } 7... c5 { [%clk 01:24:34] } 8. e3 { [%clk 01:32:06] } 8... Qc7
{ [%clk 01:17:23] } 9. O-O { [%clk 01:31:38] } 9... Rd8 { [%clk 01:14:25] }
10. Qa4 { [%clk 01:28:35] } 10... Nbd7 { [%clk 01:08:20] } 11. Nb5 { [%clk
01:12:42] } 11... Qb8 { [%clk 01:08:26] } 12. Qxc4 { [%clk 01:10:17] }
12... Nxe5 { [%clk 01:06:13] } 13. dxe5 { [%clk 01:10:41] } 13... Qxe5 {
[%clk 01:06:30] } 14. a4 { [%clk 01:04:11] } 14... a6 { [%clk 01:03:07] }
15. Na3 { [%clk 01:00:26] } 15... Rb8 { [%clk 01:00:50] } 16. Qe2 { [%clk
00:47:06] } 16... Qc7 { [%clk 00:59:46] } 17. e4 { [%clk 00:43:55] } {
[%emt 00:00:34] } 17... e5 { [%clk 00:53:00] } { [%emt 00:07:45] } 18. Be3
{ [%clk 00:40:53] } { [%emt 00:03:52] } 18... Be6 { [%clk 00:49:42] } {
[%emt 00:05:41] } 19. Rfc1 { [%clk 00:33:55] } { [%emt 00:04:36] } 19...
Rbc8 { [%clk 00:47:30] } { [%emt 00:04:10] } 20. b4 { [%clk 00:28:35] } {
[%emt 00:18:52] } 20... c4 { [%clk 00:44:38] } 21. a5 { [%clk 00:27:44] }
21... Bxb4 { [%clk 00:43:10] } 22. Bb6 { [%clk 00:21:29] } 22... Rd2 {
[%clk 00:42:42] } 23. Qxd2 { [%clk 00:19:38] } { [%emt 00:02:25] } 23...
Bxd2 { [%clk 00:43:03] } 24. Bxc7 { [%clk 00:20:05] } { [%emt 00:00:08] }
24... Rxc7 { [%clk 00:40:55] } { [%emt 00:03:08] } 25. Rc2 { [%clk
00:18:49] } { [%emt 00:01:09] } 0-1